Retailing in Central and Eastern Europe

Gespeichert in:
Bibliographische Detailangaben
1. Verfasser: Ferenčíková, Soňa, 1960-
Format: Buchkapitel
Sprache:Englisch
Schlagworte:
Tags: Tag hinzufügen
Keine Tags, Fügen Sie das erste Tag hinzu!

MARC

LEADER 00000naa$a2200000$$$4500
001 0040381
005 20240502071508.0
041 0 |a eng 
044 |a SK 
245 1 0 |a Retailing in Central and Eastern Europe  |c Soňa Ferenčíková 
610 2 0 |a maloobchod 
610 2 0 |a regióny 
610 2 0 |a retailing 
610 2 0 |a zmeny štruktúrne 
610 2 0 |a investori 
610 2 0 |a hypermarkety 
610 2 0 |a supermarkety 
100 1 |a Ferenčíková, Soňa, 1960-